000 00693nam a22002177a 4500
999 _c19677
_d19677
003 AR-CdUCM
008 190327b ||||| |||| 00| 0 spa d
040 _aMUNICIPALIDAD PROVINCIAL DEL CUSCO
_cBIBLIOTECA MUNICIPAL DEL CUSCO
082 _a498.51 /
_bP26
100 _aParedes Cusi, Benita
_941160
245 _aQueswa simi :
_bLengua quechua /
260 _aCusco :
_bEdmundo, Pantigozo
_c2009.
300 _a305 páginas ;
_c21 cm.
505 _aContenido : Saludos -- Diálogos -- Verbos -- Terminaciones verbales...
650 _aQuechua
_92063
650 _aTerminología
_97091
650 _aLinguistica
_91640
650 _aGramática
_99175
942 _2ddc
_cLIBROS
945 _arcc